00717cam a22002173a 450000100060000000300060000600500170001200800410002904000150007004200070008505000070009210000390009924501170013826000290025550600300028451600200031465300440033465300500037883000290042885600420045717569PGUSA20140828083356.0060121s2006||||xxu|||||s|||||000 | eng d aPGUSAbeng adc 4aTF1 aInterborough Rapid Transit Company14aThe New York Subway, Its Construction and Equipmenth[electronic resource] /cInterborough Rapid Transit Company bProject Gutenberg,c2006 aPublic domain in the USA. aElectronic text aSubways -- New York (State) -- New York aLocal transit -- New York (State) -- New York 0aProject Gutenbergv1756940uhttp://www.gutenberg.org/ebooks/17569